| 000 | 01751nam2a2200265 4500 | ||
|---|---|---|---|
| 001 | RU\NLR\BIBL_A\012363104 | ||
| 005 | 20201002163043.0 | ||
| 010 |
_a978-5-7417-0713-5 _bч. 1 _9500 |
||
| 021 |
_aRU _bКН-П-20-031406 _9КН-П-20-2410 |
||
| 035 | _a(NLR Aleph) 012363104 | ||
| 035 | _a(RuMoRGB)010348055 | ||
| 090 |
_a11537025 _c11537025 |
||
| 100 | _a20200924d2019 u y0rusy50 ca | ||
| 101 | 0 | _arus | |
| 102 | _aRU | ||
| 105 | _a z 001zy | ||
| 200 | 0 | _aЧ. 1 | |
| 210 | _d2019 | ||
| 215 |
_a350 с. _cил., табл. |
||
| 320 | _aПредм. указ.: с. 345-350 | ||
| 461 | 0 |
_1001RU\NLR\BIBL_A\012363099 _12001#$aЛекции по математическому анализу$eучебное пособие$eв двух частях$fГ. Е. Иванов$gМинистерство науки и высшего образования Российской Федерации, Федеральное государственное автономное образовательное учреждение высшего образования "Московский физико-технический институт (национальный исследовательский университет)"$vЧ. 1 _1700#1$aИванов$bГ. Е.$cд-р физ.-мат. наук$gГригорий Евгеньевич$3RU\NLR\AUTH\7748045 _911536998 _aИванов, Г. Е. (д-р физ.-мат. наук) _cМосква _d2019 _eИзд. 4-е перераб. и доп. _fГ. Е. Иванов _nМФТИ _oучебное пособие : в двух частях _tЛекции по математическому анализу _y9785741707111 _vЧ. 1 |
|
| 942 | _cBOOK | ||
| 980 | _aNB | ||